Statistiken für Rekordtorschützen Borussia Dortmund

Klicken Sie hier um das Quiz zu spielen!

Allgemein

  • Dieses Quiz wurde 229 mal gespielt
    (8 seit der letzten Aktualisierung)
  • Das Durchschnittsergebnis liegt bei 19 aus 31

Antwortstatistiken

ZeitraumSpieleToreSpieler% Korrekt
2020–20226762Erling Haaland
100%
seit 2012288118Marco Reus
100%
seit 2008*36230Mats Hummels
100%
1981–1998463131Michael Zorc
100%
2013–201814498Pierre-Emerick Aubameyang
100%
2010–201413174Robert Lewandowski
100%
2001–200511947Ewerthon
86%
seit 201915230Julian Brandt
86%
1993–200730149Lars Ricken
86%
1960–1969183115Lothar Emmerich
86%
2009–20128339Lucas Barrios
86%
2009–2020*15835Mario Götze
86%
1995–200412840Heiko Herrlich
71%
2001–200613859Jan Koller
71%
1976–1983224135Manfred Burgsmüller
71%
1986–19909040Norbert Dickel
71%
2010–2019*14841Shinji Kagawa
71%
1991–1999218102Stephane Chapuisat
71%
2006–20097434Alex Frei
57%
1988-2000*22871Andreas Möller
57%
1986–199418747Frank Mill
43%
seit 2017*11339Jadon Sancho
43%
1988–199315736Michael Rummenigge
43%
1958–19655342Timo Konietzka
43%
1984–1992*11733Jürgen Wegmann
29%
2016–202316230Raphaël Guerreiro
29%
1982–198816331Marcel Răducanu
14%
1963–197119860Reinhold Wosab
14%
1965–1979*23044Sigfried Held
14%
1980–19839030Rüdiger Abramczik
0%
1968–19717233Werner Weist
0%

Verteilung der Resultate

Perzentil nach korrekt beantworteten Fragen

Anzahl Personen mit jedem Resultat

Ihre Resultats-Entwicklung

Sie haben dieses Quiz seit der letzten Aktualisierung nicht gespielt